|
|
|
|
| LEADER |
00000nam0a2200000 4500 |
| 001 |
88289 |
| 005 |
20231031102601.0 |
| 020 |
|
|
|a RU
|b 86-27118
|
| 035 |
|
|
|a (RuTPU)RU\TPU\book\94769
|
| 090 |
|
|
|a 88289
|
| 100 |
|
|
|a 20051222d1985 k y0rusy5003 ca
|
| 101 |
0 |
|
|a rus
|
| 102 |
|
|
|a RU
|
| 105 |
|
|
|a a z 001zy
|
| 200 |
1 |
|
|a Водные ресурсы Якутской АССР и их использование
|f Д. Д. Ноговицын
|g Сибирское отделение АН СССР; Институт физико-технических проблем Севера
|
| 210 |
|
|
|a Якутск
|c ЯФ СО АН СССР
|d 1985
|
| 215 |
|
|
|a 124 с.
|c ил.
|
| 320 |
|
|
|a Библиогр.: с. 119-123
|
| 610 |
1 |
|
|a водные ресурсы
|
| 610 |
1 |
|
|a использование
|
| 610 |
1 |
|
|a Якутия
|
| 610 |
1 |
|
|a водное хозяйство
|
| 675 |
|
|
|a 626.8
|v 3
|
| 700 |
|
1 |
|a Ноговицын
|b Д. Д.
|g Дмитрий Дмитриевич
|
| 712 |
0 |
2 |
|a Академия наук СССР (АН СССР)
|b Сибирское отделение (СО)
|b Институт физико-технических проблем Севера (ИФТПС)
|c (Якутск)
|2 stltpush
|3 (RuTPU)RU\TPU\col\13084
|
| 801 |
|
0 |
|a RU
|b RuMRKP
|c 19950704
|g psbo
|
| 801 |
|
1 |
|a RU
|b 63413507
|c 20051222
|g PSBO
|
| 801 |
|
2 |
|a RU
|b 63413507
|c 20090519
|g PSBO
|
| 942 |
|
|
|c BK
|